Existe la pedagogía. Hacia la construcción del saber pedagógico
Saved in:
| Main Authors: | , |
|---|---|
| Format: | Bog |
| Sprog: | spansk |
| Udgivet: |
Santiago
Universitaria
2007
|
| Udgivelse: | 1a. ed |
| Serier: | Estudios
|
| Fag: | |
| Tags: |
Tilføj Tag
Ingen Tags, Vær først til at tagge denne postø!
|
MARC
| LEADER | 00000nam a2200000 a 4500 | ||
|---|---|---|---|
| 001 | UCI3997 | ||
| 003 | CL-VaPUC | ||
| 008 | 071214e20070000CL |||||||||||||||||spa|d | ||
| 020 | |a 9789561119574 | ||
| 082 | 0 | 4 | |a 370.1 |b NER |2 21 |
| 100 | |a Nervi Haltenhoff, María Loreto |e autora |9 549037 | ||
| 700 | 0 | |a Nervi Haltenhoff, Hugo |e author |9 525593 | |
| 245 | 1 | 0 | |a Existe la pedagogía. Hacia la construcción del saber pedagógico |
| 250 | |a 1a. ed | ||
| 300 | |a 122 p | ||
| 942 | |c BK | ||
| 945 | |d 20071214 00:00:00 |a rbrito | ||
| 260 | |a Santiago |b Universitaria |c 2007 | ||
| 650 | 0 | |a Pedagogía |9 255351 | |
| 650 | 0 | |a Filosofía de la educación |9 258384 | |
| 650 | 0 | |a Educación |9 258661 | |
| 650 | 0 | |a Formación profesional de profesores |9 307493 | |
| 650 | 7 | |a EDUCACION MUNICIPALIZADA |2 CL-VaPUC |9 382922 | |
| 583 | |a last modification |c 20071214 00:00:00 |k Rodrigo Vera | ||
| 490 | 0 | |a Estudios | |
| 999 | |c 328003 |d 328001 | ||
| 952 | |0 0 |1 0 |4 0 |6 370_100000000000000_NER_2007 |7 0 |8 A |9 411641 |a BIBEDU |b BIBEDU |d 2019-11-22 |i 4395395 |l 3 |m 1 |o 370.1 NER 2007 |p 4395395 |r 2023-10-19 |s 2023-10-10 |w 2019-11-22 |y BK |k EPE | ||